| 000 | 01789nam0a22003011 4500 | ||
|---|---|---|---|
| 001 | v19\rc\1695375 | ||
| 005 | 20260405145449.0 | ||
| 035 | _a(NLR Aleph) 005244826 | ||
| 090 |
_a5742646 _c5742646 |
||
| 100 | _a20061002e18971897|||y0rusy50 ca | ||
| 101 | 0 | _arus | |
| 102 | _aRU | ||
| 105 | _ac z |||cb | ||
| 200 | 1 |
_aАлександр Григорьевич Столетов _eБиогр. очерк, сост. проф. Моск. ун-та А.П. Соколовым |
|
| 210 |
_aСанкт-Петербург _cтип. В. Демакова _d1897 |
||
| 215 |
_a[2], 50 с., 1 л. фронт. (портр.) _d23 |
||
| 311 | _aОтт. из Журн. Рус. физ.-хим. о-ва. Т. 29, с. 25 (1897 г.) | ||
| 320 | _aБиблиогр.: "Список напечатанных трудов А.Г. Столетова, составленный им самим для представления в Академию в 1893 г. и дополненный после его смерти позднейшими его сочинениями (с. 48-50) | ||
| 488 | 0 |
_12001#$aЖурнал Русского физико-химического общества$v1897, т. 29 _1215##$aС. 25 _tЖурнал Русского физико-химического общества |
|
| 700 | 1 |
_4220 _7ca _8rus _aСоколов _bА. П. _cфизик _f1854-1928 _gАлексей Петрович _943819 _3RU\NLR\AUTH\7760889 |
|
| 702 | 1 |
_4570 _7ca _8rus _aСтолетов _bА. Г. _cфизик _f1839-1896 _gАлександр Григорьевич _9210734 _3RU\NLR\AUTH\770210790 |
|
| 801 | 0 |
_aRU _bNLR _c20061002 _gpsbo |
|
| 801 | 0 |
_aRU _bRuMoRGB _c20061002 _2psbo |
|
| 801 | 1 |
_aRU _bProSoft-M _c20061002 _2rusmarc |
|
| 801 | 2 |
_aRU _bNLR _c20080207 _2rusmarc |
|
| 852 |
_aNLR _j20.97.3.2 |
||
| 942 | _cBOOK | ||
| 980 | _aNB | ||